=LDR 00000nam 2200000 4500 =001 INLIS000000000025917 =005 20200402090515 =035 ##$$a 0010-061300000025917 =008 200402################g##########0#ind## =041 ##$$a Ind =082 ##$$a 2x1 =090 ##$$a 2x1, Ass t =100 1#$$a Assadik, Moh =245 1#$$a Termasuk golongan apakah anda, /$c Moh. Assadik =260 ##$$a Pustaka progresif :$b Surabaya,$c 1993 =300 ##$$a 41 hlm, ; $c 13 x 21 cm =650 #4$$a Alquran =850 ##$$a NBPNMAT =084 ##$$a 2x1 ASS t =250 ##$$a cet.4 =990 ##$$a 123.841/Pro.97